000 00792nam a2200229Ii 4500
003 JO-AjNU
008 230605s9999||||xx |||||||||||||| ||und||
017 _a2000/4/347
020 _a9957-07-119-x
040 _aJO-AjNU
_bara
_erda
_cJO-AjNU
041 _aara
050 1 4 _aHG4026 2000
100 3 _aتأليف الزعبي، هيثم محمد,
_eauthor
_942601
245 0 0 _aالادارة والتحليل المالي
250 _aط1
264 3 1 _aعمان: دار الفكر للطباعة والنشر، 2000
300 _a374ص
_bيحتوي على جداول وببلوغرافية من 345-374ص
336 _atext
_btxt
_2rdacontent
337 _aunmediated
_bn
_2rdamedia
338 _avolume
_bnc
_2rdacarrier
650 4 _aالادارة المالية -تحليل
_942602
999 _aA18253
_c21821
_d21821